Hành trình của một cậu ấm tại Pháp (1940 - 1946)

保存先:
書誌詳細
第一著者: Lê Hữu Thọ
フォーマット: 図書
言語:Undetermined
出版事項: H. Thanh niên 2003
主題:
タグ: タグ追加
タグなし, このレコードへの初めてのタグを付けませんか!
Thư viện lưu trữ: Trung tâm Học liệu Trường Đại học Cần Thơ
LEADER 00598nam a2200205Ia 4500
001 CTU_60028
008 210402s9999 xx 000 0 und d
020 |b 20000 
082 |a 895.922334 
082 |b Th400 
100 |a Lê Hữu Thọ 
245 0 |a Hành trình của một cậu ấm tại Pháp (1940 - 1946) 
245 0 |c Lê Hữu Thọ; Kamal Nguyễn biên dịch 
260 |a H. 
260 |b Thanh niên 
260 |c 2003 
650 |a vietnamese fiction 
650 |y 20th century 
904 |i Minh 
980 |a Trung tâm Học liệu Trường Đại học Cần Thơ